IL principio di equità nella storia del diritto.

Guardat en:
Dades bibliogràfiques
Autor principal: Bucci, Onorato (autore)
Format: Llibre
Idioma:anglès
Publicat: Napoli, Italia: Edizioni Scientifiche Italiane, 2000.
Col·lecció:Pubblicazioni del Dipartimento di scienze giuridico-sociali e dell'amministrazione dell'Università degli studi del Molise, 3.
Matèries:
Etiquetes: Afegir etiqueta
Sense etiquetes, Sigues el primer a etiquetar aquest registre!

MARC

LEADER 00000nam a22000007a 4500
003 CL-VaPUC
005 20220822114519.0
008 220623b2000 ||||| |||| 00| 0 eng d
999 |c 436268  |d 436266 
020 |a 88-8114-875-7 
040 |c Pontificia Universidad Católica de Valparaíso 
082 7 |a 340.11 BUC 2000  |2 22 
100 1 |a Bucci, Onorato  |e autore  |9 871316 
245 3 |a IL principio di equità nella storia del diritto. 
260 |a Napoli, Italia:  |b Edizioni Scientifiche Italiane,  |c 2000. 
300 |a 124 páginas. 
490 |a Pubblicazioni del Dipartimento di scienze giuridico-sociali e dell'amministrazione dell'Università degli studi del Molise,   |v 3. 
500 |a c.1. Donación Familia Prof. Alejandro Guzmán Brito. 
583 |c 20220623  |k Catalogador Asistente 
650 |a Equidad   |9 256656 
650 |a Filosofía del derecho   |9 871421 
942 |2 ddc  |c BK  |n 0 
952 |0 0  |1 0  |2 ddc  |4 0  |6 340_110000000000000_BUC_2000  |7 0  |8 C_AGB  |9 583998  |a BIBDER  |b BIBDER  |d 2022-06-23  |e Donación  |i 5652085  |o 340.11 BUC 2000  |p 5652085  |r 2023-01-25  |t 1  |w 2022-06-23  |y BK_US  |k AGB